header

Pandemonium and parade (Record no. 166165)

MARC details
000 -LEADER
fixed length control field 01367nam a2200349Ia 4500
082 04 - DEWEY DECIMAL CLASSIFICATION NUMBER
Classification number 398/.450952
100 1# - MAIN ENTRY--AUTHOR NAME
Personal name Foster, Michael Dylan,
245 10 - TITLE STATEMENT
Title Pandemonium and parade
260 ## - PUBLICATION, DISTRIBUTION, ETC. (IMPRINT)
Place of publication Berkeley :
Name of publisher University of California Press,
Year of publication c2009.
300 ## - PHYSICAL DESCRIPTION
Number of Pages xvii, 291 p. :
Other physical details ill.
650 #0 - SUBJECT ADDED ENTRY--TOPICAL TERM
Topical Term Animals, Mythical
Topical Term Supernatural.
Topical Term Spirits.
856 40 - ELECTRONIC LOCATION AND ACCESS
Uniform Resource Identifier http://site.ebrary.com/lib/rucke/Doc?id=10675802

No items available.

© 2026 Rongo University
Contact us: librarian | system librarian | Rongo university